| 000 | 00000nas##2200000za#4500 |
| 001 | 9.514413 |
| 003 | CaOODSP |
| 005 | 20200325125536 |
| 007 | ta |
| 008 | 150406c1996||||xxc|| m #||||f| |0eng|d |
| 022 | |a0825-4559 |
| 040 | |aCaOODSP|beng |
| 043 | |an-cn--- |
| 086 | 1 |aA54-9E |
| 110 | 1 |aCanada. |bAgriculture and Agri-Food Canada. |bResearch Branch. |
| 245 | 10|aTechnical bulletin / |cIssued by the Horticultural Research and Development Centre. |
| 260 | |aSaint-Jean-sur-Richelieu - Quebec : |bAgriculture and Agri-Food Canada. |
| 310 | |aIrregular |
| 563 | |aSoftcover |
| 775 | 08|tTechnical bulletin / |w(CaOODSP)9.508926 |
| 775 | 08|tBulletin technique / |w(CaOODSP)9.508927 |
| 775 | 08|tBulletin technique / |w(CaOODSP)9.512831 |
| 776 | 0#|tTechnical bulletin |w(CaOODSP)9.504411 |